English for logistics

সংরক্ষণ করুন:
গ্রন্থ-পঞ্জীর বিবরন
প্রধান লেখক: Grussendorf, Marion
বিন্যাস: গ্রন্থ
প্রকাশিত: Oxford (New York) Oxford University Press 2007
মালা:Express series
বিষয়গুলি:
ট্যাগগুলো: ট্যাগ যুক্ত করুন
কোনো ট্যাগ নেই, প্রথমজন হিসাবে ট্যাগ করুন!
Thư viện lưu trữ: Thư viện Trường Đại học Nam Cần Thơ
LEADER 01944aam a22002898a 4500
001 NCT_13522
008 141125s2004 ||||||eng d
999 |c 644  |d 644 
020 |a 9780194579452  |c 285000 
082 0 4 |2 23rd ed.  |a 428  |b M341 
100 1 |a Grussendorf, Marion 
245 1 0 |a English for logistics  |c Marion Grussendorf 
260 |a Oxford (New York)  |b Oxford University Press  |c 2007 
300 |a 80 p.  |b col. ill.  |c 26 cm  |e 1 CD-ROM (4 3/4 in.) 
490 |a Express series 
653 |a Khoa học cơ bản 
942 |2 ddc  |c BK 
952 |0 0  |1 0  |2 ddc  |4 0  |6 428_000000000000000_M341  |7 0  |9 4687  |a 000001  |b 000001  |d 2017-11-29  |o 428 M341  |p MD.03430  |r 2017-11-29  |v 285000.00  |w 2017-11-29  |y BK 
952 |0 0  |1 0  |2 ddc  |4 0  |6 428_000000000000000_M341  |7 0  |9 4688  |a 000001  |b 000001  |d 2017-11-29  |o 428 M341  |p MD.03431  |r 2017-11-29  |v 285000.00  |w 2017-11-29  |y BK 
952 |0 0  |1 0  |2 ddc  |4 0  |6 428_000000000000000_M341  |7 0  |9 4689  |a 000001  |b 000001  |d 2017-11-29  |o 428 M341  |p MD.03432  |r 2017-11-29  |v 285000.00  |w 2017-11-29  |y BK 
952 |0 0  |1 0  |2 ddc  |4 0  |6 428_000000000000000_M341  |7 0  |9 4690  |a 000001  |b 000001  |d 2017-11-29  |o 428 M341  |p MD.03433  |r 2017-11-29  |v 285000.00  |w 2017-11-29  |y BK 
952 |0 0  |1 0  |2 ddc  |4 0  |6 428_000000000000000_M341  |7 0  |9 4691  |a 000001  |b 000001  |d 2017-11-29  |o 428 M341  |p MD.03434  |r 2017-11-29  |v 285000.00  |w 2017-11-29  |y BK 
952 |0 0  |1 0  |2 ddc  |4 0  |6 428_000000000000000_M341  |7 0  |9 4692  |a 000001  |b 000001  |d 2017-11-29  |o 428 M341  |p MD.03435  |r 2017-11-29  |v 285000.00  |w 2017-11-29  |y BK 
952 |0 0  |1 0  |2 ddc  |4 0  |6 428_000000000000000_M341  |7 0  |9 4693  |a 000001  |b 000001  |d 2017-11-29  |o 428 M341  |p MD.03436  |r 2017-11-29  |v 285000.00  |w 2017-11-29  |y BK 
952 |0 0  |1 0  |2 ddc  |4 0  |6 428_000000000000000_M341  |7 0  |9 4694  |a 000001  |b 000001  |d 2017-11-29  |o 428 M341  |p MD.03437  |r 2017-11-29  |v 285000.00  |w 2017-11-29  |y BK 
952 |0 0  |1 0  |2 ddc  |4 0  |6 428_000000000000000_M341  |7 0  |9 4695  |a 000001  |b 000001  |d 2017-11-29  |o 428 M341  |p MD.03438  |r 2017-11-29  |v 285000.00  |w 2017-11-29  |y BK 
980 |a Thư viện Trường Đại học Nam Cần Thơ